| 000 -LEADER |
| fixed length control field |
00481nam a22001697a 4500 |
| 005 - DATE AND TIME OF LATEST TRANSACTION |
| control field |
20210423055629.0 |
| 008 - FIXED-LENGTH DATA ELEMENTS--GENERAL INFORMATION |
| fixed length control field |
210223b1963 ||||| |||| 00| 0 eng d |
| 040 ## - CATALOGING SOURCE |
| Transcribing agency |
DLC |
| 080 ## - UNIVERSAL DECIMAL CLASSIFICATION NUMBER |
| Universal Decimal Classification number |
821.111 |
| Item number |
A-11 |
| 100 ## - MAIN ENTRY--PERSONAL NAME |
| 9 (RLIN) |
1076 |
| Personal name |
Aarons.Edward S |
| 245 ## - TITLE STATEMENT |
| Title |
Assignment / |
| Remainder of title |
Manchurian doll |
| 260 ## - PUBLICATION, DISTRIBUTION, ETC. |
| Place of publication, distribution, etc. |
New York |
| Name of publisher, distributor, etc. |
Gold medal books |
| Date of publication, distribution, etc. |
1963 |
| 300 ## - PHYSICAL DESCRIPTION |
| Extent |
159 p.: |
| 650 #0 - SUBJECT ADDED ENTRY--TOPICAL TERM |
| 9 (RLIN) |
247 |
| Topical term or geographic name entry element |
English literature |
| 653 ## - INDEX TERM--UNCONTROLLED |
| Uncontrolled term |
ინგლისური ლიტერატურა |
| 942 ## - ADDED ENTRY ELEMENTS (KOHA) |
| Source of classification or shelving scheme |
|
| Koha item type |
Books |